| 000 | 00878nam a2200241 a 4500 | ||
|---|---|---|---|
| 001 | BRCA_1563 | ||
| 005 | 20190320203454.0 | ||
| 008 | 310505s1991----mx-a---###---#000-0#spa-# | ||
| 020 | _a9686658149 | ||
| 040 |
_aDLC _cDLC |
||
| 050 | 4 |
_aND259.V4 _b.M69 1991 |
|
| 100 | 1 |
_aMoyssén Echeverría, Xavier _9801 |
|
| 245 | 1 | 0 |
_aJosé María Velasco _ctexto Xavier Moyssén ; fotografía Javier Hinojosa ; coordinación editorial Víctor Manuel Espíndola. |
| 260 |
_aMéxico _bFondo Editorial de la Plástica Mexicana _c1991 |
||
| 300 |
_a143 p. _bil. a color _c46 cm. |
||
| 504 | _aBibliografía: p. 143 | ||
| 600 | 1 | 4 |
_aVelasco, José María _d1840-1912 _vCatálogos _95002 |
| 650 | 1 | 4 |
_aPaisaje en el arte _vCatálogos _95003 |
| 700 | 1 |
_aVelasco, José María _d1840-1912 _95004 |
|
| 700 | 1 |
_aHinojosa, Javier _94884 |
|
| 700 | 1 |
_aEspíndola, Víctor Manuel _95005 |
|
| 942 |
_2lcc _cB |
||
| 999 |
_c1399 _d1399 |
||